000
00472nam a2200181Ia 4500
008
090123s9999 xx 000 0 und d
082
_b
26616
_a
891.463/बोधे
100
_a
बोधे व.बा.
245
_a
धामण
250
_a
1
260
_b
अमोल प्रकाशन
300
_a
160
600
_a
बोधे व.बा.
630
_a
धामण
700
_a
बोधे व.बा.
730
_a
धामण
942
_c
BOOK
999
_c
64685
_d
64685